| 000 | 00664nam a2200217Ia 4500 | ||
|---|---|---|---|
| 003 | OSt | ||
| 005 | 20250208114743.0 | ||
| 008 | 210210b2012 xxu||||| |||| 00| 0 eng d | ||
| 020 | _a9789380417899 | ||
| 040 | _cAL | ||
| 041 | _ahin | ||
| 082 | _aH891.109 SHUN | ||
| 100 |
_aSHUBHANAND (T) _9198557 |
||
| 110 |
_bशुभानंद (टी) _9198558 |
||
| 245 |
_aNaresh mehta ke kavyon ka samajik chintan: _bनरेश मेहता के काव्यों का सामाजिक चिंतन |
||
| 260 |
_aKanpur _bAman Prakashan _c2012 |
||
| 300 | _a140 | ||
| 690 |
_aHindi Criticism _9198559 |
||
| 906 | _a068757 | ||
| 942 |
_2ddc _cBK |
||
| 999 |
_c152990 _d152990 |
||